000 02007nam0a2200373 4500
001 RU\NLR\BIBL_A\022706771
005 20260517042529.0
010 _a978-5-7057-6378-8
_9300
021 _aRU
_bКН-П-25-073200
_9КН-П-25-7092
035 _a(NLR Aleph) 022706771
090 _a13704175
_c13704175
100 _a20260122d2023 u y0rusy50 ca
101 0 _arus
102 _aRU
105 _aa z 000yy
181 0 _ai3
_baxxe
182 0 _an
200 1 _aЭволюция
_eэволюция в философском аспекте
_fРоссийская академия наук, Институт востоковедения РАН, Евро-азиатский центр мегаистории и системного прогнозирования [и др.]
_gответственные редакторы: доктор философских наук Л. Е. Гринин, доктор исторических наук А. В. Коротаев
203 _aТекст
_bвизуальный
_cнепосредственный
210 _aВолгоград
_cУчитель
_d2023
215 _a351, [1] с.
_cил.
_d21
225 1 _aЕжегодник "Эволюция"
_fред. совет: Д. Баррейрос (Бразилия), Ю. Е. Березкин [и др.]
320 _aБиблиогр. в конце ст.
606 1 _aЭволюция (биол.)
_jСборники
_xФилософские вопросы
_92030665
_3RU\NLR\AUTH\661219708
606 1 _aКоэволюция
_jСборники
_92205573
_3RU\NLR\AUTH\661325136
686 1 _aЕ022в1я43
686 1 _aЮ252
_bЕ02я43
702 1 _aГринин
_bЛ. Е.
_f1958-
_gЛеонид Ефимович
_4340
712 0 2 _4570
_aЕвро-азиатский центр мегаистории и системного прогнозирования
_cМосква
_9327353
_3RU\NLR\AUTH\8810221185
942 _cBOOK
980 _aNB